000 00190 a2200097 4500
020 _a9781335641229
041 _aeng
100 _aHauf, Michele
245 _aWitness in the wood
942 _cBK
999 _c30235
_d30233